| 000 | 00718nam a22002057a 4500 | ||
|---|---|---|---|
| 005 | 20160708125357.0 | ||
| 008 | 160708b vau||||| |||| 00| 0 eng d | ||
| 020 | _a0873532406 | ||
| 050 | 0 | 4 |
_aQA12 _bT43 1987 |
| 245 | 1 | 0 |
_aTeaching and learning : A problem solving focus / _ced. Frances R. Curcio. |
| 250 | _a1a ed. | ||
| 260 |
_aReston, virginia : _bNational Council of Teachers of Mathematics, _cc1987 |
||
| 300 |
_a116 paginas. : _bilustraciones.; _c23 cm. |
||
| 490 | _athe national council of teachers of mathematics | ||
| 504 | _aIncluye apéndice | ||
| 650 | 4 | _aSolución de problemas | |
| 650 | 7 |
_2Lemb _aMatemáticas _xEstudio y enseñanza |
|
| 700 | 1 |
_aCurcio, Frances R., _eeditor |
|
| 942 |
_2lcc _cLIB |
||
| 999 |
_c117894 _d117894 |
||